Stretnutie s rehoľníkmi na Spiši

Podrobná bibliografia
Médium: Článok
Jazyk:Slovak
Témy:
Zdroj: 1. Katolícke noviny 1. 0139-8512 1. Roč. 122, č. 6 (2007), s. 3
LEADER 00769nab#a2200289#ar4500
001 000084413
003 SVKKK
005 20070601104917.0
008 030616c2007 xo e sloo
FMT
038 |a SVKKK 
040 |a SVKKK  |b slo  |e AACR2 
041 0 |a slo 
044 |a xo  |c SK 
080 |a 271.02  |2 1997 
245 0 0 |a Stretnutie s rehoľníkmi na Spiši  |c [autor] TK KBS 
610 2 4 |a Rímskokatolícka cirkev.  |b Spišská diecéza  |x rehole 
611 2 4 |a Deň zasväteného života  |d (2.2.2007 :  |c Spišské Podhradie-Spišská Kapitula, Slovensko) 
773 0 |t Katolícke noviny  |x 0139-8512  |g Roč. 122, č. 6 (2007), s. 3 
957 |a 704 
958 |a NT 
974 |a Čr 
992 |a RBX 
BAS
852 |a SVKKK  |b BIB 
EXP
998 |a REG